Biblioteca y Centro de Documentación

The judicial system of Russia (Registro nro. 53152)

Detalles MARC
000 -CABECERA
Longitud fija campo de control 03244nam a2200397 c 4500
001 - NÚMERO DE CONTROL
Número de control 53152
003 - IDENTIFICADOR DE NÚMERO DE CONTROL
Identificador del número de control ES-MaCES
005 - FECHA Y HORA DE LA ÚLTIMA TRANSACCIÓN
Fecha y hora de la última transacción 20250203133004.0
008 - CAMPO FIJO DE DESCRIPCIÓN FIJA--INFORMACIÓN GENERAL
Códigos de información de longitud fija   240424s2023 uk 000 | eng d
020 ## - ISBN (INTERNATIONAL STANDARD BOOK NUMBER)
Número Internacional Normalizado para Libros (ISBN) 9780198875246
040 ## - FUENTE DE CATALOGACIÓN
Centro catalogador de origen ES-MaCES
Lengua de catalogación spa
Centro transcriptor ES-MaCES
100 1# - ENCABEZAMIENTO PRINCIPAL--NOMBRE PERSONAL
9 (RLIN) 41012
Nombre de persona Hendley, Kathryn
245 14 - MENCIÓN DE TÍTULO
Título The judicial system of Russia
Mención de responsabilidad, etc. Kathryn Hendley, Peter H. Solomon, Jr
250 ## - MENCIÓN DE EDICIÓN
Mención de edición 1st ed
260 ## - PUBLICACIÓN, DISTRIBUCIÓN, ETC (PIE DE IMPRENTA)
Lugar de publicación, distribución, etc. Oxford
Nombre del editor, distribuidor, etc. Oxford University Press
Fecha de publicación, distribución, etc. [2023]
300 ## - DESCRIPCIÓN FÍSICA
Extensión XV, 256 p.
Dimensiones 24 cm
490 1# - MENCIÓN DE SERIE
Mención de serie Judicial Systems of the World
500 ## - NOTA GENERAL
Nota general Índices
504 ## - NOTA DE BIBLIOGRAFÍA, ETC.
Nota de bibliografía, etc. Bibliografía: p. 221-246
520 3# - RESUMEN, ETC.
Sumario, etc, El Sistema Judicial de Rusia pinta un retrato de los tribunales de la Federación Rusa durante el gobierno de Putin, cómo funcionan en la práctica y qué determina el comportamiento de sus jueces. Destaca la naturaleza dual de un sistema judicial, donde los casos ordinarios se manejan en su mayor parte de manera justa, pero donde los casos de interés para personas poderosas están sujetos a influencia, una situación común en los estados autoritarios. Al hacerlo, los autores rastrean los orígenes de algunas prácticas contemporáneas hasta el pasado soviético, pero también identifican novedades. Prestan mucha atención a las luchas de los reformadores para hacer que los tribunales sean más justos y eficientes, junto con las medidas tomadas para garantizar que los jueces se ajusten a las expectativas de sus amos políticos. Esto significa abordar la evolución de la gobernanza judicial, incluida la selección, promoción y disciplina de los jueces. Al estudiar el funcionamiento real de los tribunales, los autores adoptan un enfoque sociojurídico, enfatizando cómo se comportan los diferentes actores (peticionarios, demandados, abogados, fiscales, acusados, jueces) y por qué. Esto significa abordar toda la gama de tribunales, desde los jueces de paz hasta los Tribunales Supremo y Constitucional, y analizar su conducta en disputas civiles ordinarias, casos penales, disputas comerciales, justicia administrativa (reclamaciones contra funcionarios estatales) y asuntos constitucionales. Los autores también examinan la relación del público con los tribunales, incluida su disposición a litigar disputas a pesar de opiniones generalmente negativas sobre los tribunales. Este análisis de la administración de justicia en Rusia cubre tanto las Enmiendas Constitucionales de 2020 como los acontecimientos relacionados con los primeros meses de la Guerra de 2022 en Ucrania. Es una lectura obligada para académicos, profesionales y todos aquellos interesados ​​en los tribunales comparados y el sistema judicial de Rusia.<br/><br/>
541 ## - NOTA DE LA FUENTE INMEDIANTE DE ADQUISICIÓN
Forma de adquisición Compra
650 #4 - ASIENTO SECUNDARIO DE MATERIA--TÉRMINO DE MATERIA
Término de materia o nombre geográfico como elemento inicial administración de justicia
9 (RLIN) 27204
650 #4 - ASIENTO SECUNDARIO DE MATERIA--TÉRMINO DE MATERIA
Término de materia o nombre geográfico como elemento inicial tribunal
9 (RLIN) 29460
650 #4 - ASIENTO SECUNDARIO DE MATERIA--TÉRMINO DE MATERIA
Término de materia o nombre geográfico como elemento inicial competencia legal
9 (RLIN) 29890
650 #4 - ASIENTO SECUNDARIO DE MATERIA--TÉRMINO DE MATERIA
Término de materia o nombre geográfico como elemento inicial procedimiento judicial
9 (RLIN) 29889
650 #4 - ASIENTO SECUNDARIO DE MATERIA--TÉRMINO DE MATERIA
Término de materia o nombre geográfico como elemento inicial derecho
9 (RLIN) 27151
650 #4 - ASIENTO SECUNDARIO DE MATERIA--TÉRMINO DE MATERIA
Término de materia o nombre geográfico como elemento inicial Rusia, Federación (1991- )
9 (RLIN) 30484
650 #4 - ASIENTO SECUNDARIO DE MATERIA--TÉRMINO DE MATERIA
Término de materia o nombre geográfico como elemento inicial régimen jurídico
9 (RLIN) 29894
653 10 - TÉRMINO DE INDEXACIÓN--NO CONTROLADO
Término no controlado Derecho
700 1# - ENCABEZAMIENTO SECUNDARIO--NOMBRE PERSONAL
Nombre de persona Solomon, Peter H., Jr
9 (RLIN) 41014
710 2# - ENCABEZAMIENTO SECUNDARIO--NOMBRE CORPORATIVO
9 (RLIN) 5440
Nombre de entidad o nombre de jurisdicción como elemento inicial University of Oxford
Término indicativo de función ed.
775 ## - ENTRADA DE OTRA EDICIÓN
Número de control del registro relacionado 22521
830 #0 - ENCABEZAMIENTO SECUNDARIO DE COLECCIÓN--TÍTULO UNIFORME
9 (RLIN) 41015
Título uniforme Judicial Systems of the World
902 ## - CES. TIPO DE DOCUMENTO
Tipodoc (006$c Sirtex) LIB Libro
942 ## - ELEMENTOS KOHA
Fuente de clasificaión o esquema Clasificación propia del CES
Koha [por defecto] tipo de item Monografías
Parte de clasificación Derecho
Existencias
Número de registro Signatura completa Tipo de item de Koha
093382 SR-6.0.-29 Monografías
© CES, Consejo Económico y Social de España 2021